000 00928cab a2200181 4500
001 ##L131904
008 051215n2005 000 0 eng u
035 _a(Sirsi) u131904
041 0 _aeng
100 1 _aThompson, Max
245 0 0 _aRegional focus
_bWales
260 _c2005
490 0 _aQS Week
_v(34) 14 December 2005, 11-13(3)
520 _aThere has been significant growth in construction output in Wales in the last year, and this is expected to continue. The vast majority of investment, however, is concentrated in the south of the principality, with few projects planned for the north and central regions. Considers new housing, infrastructure, other new work, and repair and maintenance. A second article reports on a number of case studies, including Cardiff sports village, Swansea waterfront, and Baglan energy park.
590 _aIKA030106
690 _aBUILT ENVIRONMENT-CONSTRUCTION MARKET
942 _n0
999 _c76288
_d76288